pomme - sans toi - Statistiques

Statistiques générales
  • Ce quiz a été pris 80 fois
  • Le résultat moyen est 142 sur 195
Statistiques - réponses
Hint Réponse % Correct
de
98%
Sans
98%
toi
98%
| . Je
95%
je
95%
suis
95%
ma
93%
matin
91%
Des
88%
la
88%
petit
88%
au
86%
du
86%
Et
86%
et
86%
Un
86%
descendue
81%
train
81%
Une
81%
une
81%
j'ai
79%
J'ai
79%
le
79%
me
79%
ne
79%
Paris
79%
ce
77%
que
77%
plus
74%
pomme
74%
vie
74%
croqué
72%
devenue
72%
te
72%
commençait
70%
folle
70%
les
70%
Les
70%
vipère
70%
j'ignorais
67%
nuit
67%
Si
65%
sorcière
65%
Dieu
63%
dire
63%
en
63%
Pour
63%
veut
63%
jamais
60%
rien
60%
tombée
60%
dois
58%
deux
56%
m'y
56%
pleurer
56%
cœur
53%
conquérir
53%
trois
53%
baiser
51%
bras
51%
bulldozer
51%
épaules
51%
mauvais
51%
paires
51%
rôle
51%
sur
51%
temps
51%
voir
51%
d'un
49%
quarantaine
49%
Seulement
49%
chants
47%
chasse
47%
mes
47%
prose
47%
verre
47%
dans
44%
faire
44%
guerre
44%
mêmes
44%
réfugier
44%
sont
44%
dernier
42%
dernière
42%
lendemains
42%
tue
42%
compose
40%
depuis
40%
dose
40%
M'en
37%
m'en
37%
bière
33%
cirrhose
33%
airs
30%
fous
30%
Aucun quiz correspondant
Distribution des résultats
% des personnes avec chaque résultat
Percentile par nombre de réponses
Votre historique - résultats
Vous n’avez pas pris ce quiz